| 000 | 00775cam a22002531 4500 | ||
|---|---|---|---|
| 001 | sa 67000506 | ||
| 003 | DLC | ||
| 005 | 20260227112315.0 | ||
| 008 | 740123s1966 ii b 00010 eng | ||
| 010 | _asa 67000506 //r93 | ||
| 040 |
_aDLC _cDLC _dDLC |
||
| 043 | _aa-ii--- | ||
| 050 | 1 | 0 |
_aHC435 _b.D4 1966 |
| 082 | 0 | 0 | _a330.954 |
| 100 | 1 | 0 | _aDewett, Kewal Krishan. |
| 245 | 1 | 0 |
_aIndian economics, _cby Kewal Krishan Dewett and Guru Charan Singh. |
| 250 | _a16th ed., thoroughly rev. | ||
| 260 | 0 |
_aDelhi, _bPremier Pub. Co., _c1966. |
|
| 300 |
_aix, 718 p. _c22 cm. |
||
| 504 | _aBibliography: p. [706]-711. | ||
| 651 | 0 |
_aIndia _xEconomic conditions _y1918-1947. |
|
| 651 | 0 |
_aIndia _xEconomic conditions _y1947- |
|
| 700 | 1 | 0 |
_aSingh, Gurucharan, _d1901- _ejoint author. |
| 999 |
_c72016 _d72016 |
||